| 000 | 00508nam a22001937a 4500 | ||
|---|---|---|---|
| 008 | 140624b xxu||||| |||| 00| 0 alb d | ||
| 020 | _a9789995634582 | ||
| 041 | 0 | _aalb | |
| 080 |
_a 658 _x(075.8) |
||
| 100 | _aLlaci, Shyqri | ||
| 245 | 1 | 0 |
_aManaxhimi / _cShyqri Llaci. |
| 260 |
_aTiranë : _b"albPAPER"; _c2010. |
||
| 300 |
_a528 f.: _bme il.; _c23 cm. |
||
| 500 | _aParathënie : f. 5-6 | ||
| 505 | _aLiteratura kryesore: f. 527-528 | ||
| 650 | 0 | _aMenaxhimi | |
| 650 | 0 | _aOrganizimi | |
| 942 |
_2udc _cBK |
||
| 999 |
_c498 _d498 |
||